Púchov Nová Jedenásťročná stredná škola

Zobrazenie: Pohľad na budovu strednej školy kde po chodníku ku budove kráča mnoho detí

Bibliographic Details
Format: Postcard
Language:Slovak
PhysicalDescription:1 pohľadnica čiernobiela 11 x 15 cm
Published: Bratislava Slovenské vydavateľstvo politickej literatúry 1961
Subjects:

MARC

LEADER 00000nkm a2200000 a 4500
001 vtls011977103
003 SK-MaSNL
005 20260512122529.0
007 kp bo
008 231120s1961 xo g kuslo
015 |a SNBG1961 
035 |a urn:nbn:sk:snk-km00efn6 
035 |a urn:nbn:sk:snk-km43ddg 
035 |a 5D99F4B7-48D3-4C93-AA3F-EF6CDFF5D714 
040 |a SNK  |b slo  |c SNK  |e AACR2 
041 0 |a slo 
043 |a e-xo--- 
044 |a xo  |c SK 
072 7 |a 913  |x Regionálna geografia  |2 konspekt 
080 |a (084.121)  |2 2011 
080 |a 913(437.6)  |2 2011 
080 |a 373/378  |2 2011 
245 0 0 |a Púchov  |h grafika  |b Nová Jedenásťročná stredná škola 
260 |a Bratislava  |b Slovenské vydavateľstvo politickej literatúry  |c 1961 
300 |a 1 pohľadnica  |b čiernobiela  |c 11 x 15 cm 
520 8 |a Zobrazenie: Pohľad na budovu strednej školy kde po chodníku ku budove kráča mnoho detí 
650 0 7 |a školy  |2 SNKPH  |9 1276 
651 7 |a Púchov (Slovensko)  |2 SNKPHgeo  |9 29506 
655 7 |a miestne pohľadnice  |2 SNKPH  |9 70510 
852 |a Slovenská národná knižnica 
954 |a pohľadnice pôvodné (slovenské)  |2 lita 
958 |a GC 
958 |a OND 
958 |a GBN 
958 |a EUIPO 
999 |c 608397  |d 610327 
952 |a SNK  |b SNK  |y PREZ  |7 0  |p 17A1378354  |o snkSP 88940  |z Pohľadnica prešla poštou.  |0 0  |1 0  |4 0  |d 2020-06-26  |f 1  |l 0  |r 2026-02-23 16:15:18  |w 2026-02-23